000 00612nam a2200241 a 4500
001 nice12345678
003 IN_TiNIC
005 20260116012806.0
008 050524s1980 chia grp 000 0 eng
020 _a0802487
_c100
082 0 0 _a207.11
_bGER
100 _aGerbr, Vergil
245 _aDiscipling Through Theological Education By Extension.
260 _aChicago
_bMoody Press
_c1980
300 _a191p
500 _aincludes index and biblioraphy
505 2 _aIndex
650 _aTheological-Seminaries
700 1 _aGerbr, Vergil
902 _bSRS
942 _cBK
999 _c8387
_d8387